000 00985nam a2200337 c 4500
999 _c41115
_d41115
003 BLK
005 20200429113809.0
008 180408b bul|||||r ||||||| ||bul||
010 _aKNG00044655000
020 _a1-85627-895-6
040 _aBLK
041 _aENG
_cENG
080 _aЖивопис
_b75
_x.056
_z75.056
080 _aЖивопис
_b75
_x.02
_z75.02
100 1 _aLewis, Brian
_eпърви автор
_9277544
139 _aLewis, Brian
_bЛ 35
_fL 63 B
_gЛ 35 Б
245 1 0 _aAn introduction to illustration
_cBrian Lewis.
257 _aGBR
260 _bGrande Books
_c1995
300 _a128 c
_bс ил.
_c28 см
380 _a7
500 _aАз покозолец.
650 4 _aИлюстрации - на книги
_9252328
653 _aилюстрации
653 _aрисуване
700 _9408261
_aЛеви, Браън
_eпърви автор
852 _aЦб ІІ 9635
_c75/Л 35 Б
856 4 _qpdf
856 4 _qpdf
942 _cKNG
_n0
_s1
944 _aCR
_c01.01.1999
_kИрена_Линкова
944 _aED
_c24.03.2014
999 _d41115
999 _d41115